Diretrizes para o aprimoramento dos tribunais de contas do Brasil : (Record no. 1262)

MARC details
000 -LÍDER
Campo Fixo de Controle 00815nam a2200241 a 4500
001 - NÚMERO DE CONTROLE
Campo de Controle 1262
003 - IDENTIFICAÇÃO DO NÚMERO DE CONTROLE
Campo de Controle BR-CuiBMT
005 - DATA E HORA DA ÚLTIMA ATUALIZAÇÃO
Campo de Controle 20231202184719.0
008 - DADOS FIXOS
Dados Fixos 230725s2015 peba 100 0 por d
020 ## - INTERNATIONAL STANDARD BOOK NUMBER
Nº do ISBN 9788568825006
040 ## - AGÊNCIA CATALOGADORA
Código da Agência Catalogadora BR-CuiBMT
Agência que transcreveu o registro BR-CuiBMT
080 ## - Nº DA CLASSIFICAÇÃO DECIMAL UNIVERSAL
Nº Class. CDU 351.94:336.148
Subd. Auxiliar Comum (81)
Nº edição CDU 2007
090 ## - NÚMERO DE CHAMADA
Nº classificação 351.94:336.148(81)
Cutter A849d
110 1# - ENTRADA PRINCIPAL -- ENTIDADE
Nome da entidade ou lugar Associação dos Membros dos Tribunais de Contas do Brasil.
111 ## - ENTRADA PRINCIPAL -- EVENTO
Local de realização do evento
245 10 - TÍTULO PRINCIPAL
Título principal Diretrizes para o aprimoramento dos tribunais de contas do Brasil :
Subtítulo resoluções da Atricon /
Indicação de responsabilidade Associação dos Membros dos Tribunais de Contas do Brasil.
260 ## - PUBLICAÇÃO, DISTRIBUIÇÃO, ETC.
Local de publicação Recife :
Editora ATRICON,
Data 2015.
300 ## - DESCRIÇÃO FÍSICA
N. páginas ou volumes 186 p. ;
Dimensões 24 cm
650 ## - ASSUNTO TÓPICO
Cabeçalho tópico ou nome geográfico Tribunal de contas
Subdivisão geográfica Brasil
650 ## - ASSUNTO TÓPICO
Cabeçalho tópico ou nome geográfico Controle externo
Subdivisão geográfica Brasil
650 ## - ASSUNTO TÓPICO
Cabeçalho tópico ou nome geográfico Controle interno
Subdivisão geográfica Brasil
942 ## - ELEMENTOS DE ENTRADA ADICIONAIS (KOHA)
Fonte de classificação ou esquema de arquivamento Classificação Decimal Universal
Tipo de item do Koha Livros
Holdings
Estado: removido Estado: perdido Fonte de classificação ou esquema de arquivamento Estado: danificado Indisponível para empréstimo Localização permanente Localização atual Data de aquisição Total Checkouts Número de Chamada completo Código de barras Date last seen Número do exemplar Preço efetivo a partir de Tipo de item (Koha)
    Classificação Decimal Universal     Biblioteca da Escola Superior de Contas do TCE/MT Biblioteca da Escola Superior de Contas do TCE/MT 02/12/2023   351.94:336.148(81) A849d BIBTCEMT23120072 02/12/2023 Ex. 1 02/12/2023 Livros
    Classificação Decimal Universal     Biblioteca da Escola Superior de Contas do TCE/MT Biblioteca da Escola Superior de Contas do TCE/MT 02/12/2023   351.94:336.148(81) A849d BIBTCEMT23120073 02/12/2023 Ex. 2 02/12/2023 Livros
    Classificação Decimal Universal     Biblioteca da Escola Superior de Contas do TCE/MT Biblioteca da Escola Superior de Contas do TCE/MT 02/12/2023   351.94:336.148(81) A849d BIBTCEMT23120074 02/12/2023 Ex. 3 02/12/2023 Livros
    Classificação Decimal Universal     Biblioteca da Escola Superior de Contas do TCE/MT Biblioteca da Escola Superior de Contas do TCE/MT 02/12/2023   351.94:336.148(81) A849d BIBTCEMT23120075 02/12/2023 Ex. 4 02/12/2023 Livros

Powered by Koha